000
00284nam a22001217a 4500
082
_a
540
_b
VER/C
100
_a
VERMA & VERMA
245
_a
PIONEER CHEMISTRY
_b
CLASS XI
260
_a
DELHI
_b
DHANPAT RAI & CO
_c
2004
300
_a
692
650
_a
CHEMISTRY FOR CLASS XI
_z
INDIA
942
_c
BK
999
_c
534
_d
534